Statistics for General Knowledge 10

Click here to take the quiz!

General Stats

  • This quiz has been taken 19 times
  • The average score is 6 of 15

Answer Stats

HintAnswer% Correct
What is the only type of flying mammal?Bat
89%
In the nursery rhyme how many bags of wool does the black sheep have?3
84%
What famous beatles album cover has them walking across a zebra crossing?Abbey Road
79%
In what city would you find the Hagia Sophia?Istanbul
68%
Who painted the scream?Edvard Munch
63%
What show, featuring a radio psychiatrist, is a spin off of the series Cheers?Frasier
63%
What Chinese religion propagates the belief of ying and yang?Taoism
42%
Who directed the Dark Knight trilogy?Christopher Nolan
37%
What food items is used as a slang term for the puck in ice hockey?Biscuit
16%
What is the group name for camels?Caravan
11%
What is the largest moon in the solar system?Ganymede
11%
Who was the longest serving and first British prime minister?Robert Walpole
11%
What is the most southern city in the world?Ushuaia
11%
What is the name for the method of maturing spirits in which younger ones are mixed into more mature casks?Solera
5%
In what is the largest cave in the world?Vietnam
5%

Score Distribution

Percentile by Number Answered

Percent of People with Each Score

Your Score History

You have not taken this quiz